| 000 | 00648nmc a2200265 a 4500 | ||
|---|---|---|---|
| 003 | AR-BaBNM | ||
| 005 | 20251128211340.0 | ||
| 008 | 094020s2003 ||||||||||||||000 | spa|| | ||
| 020 | _a950-24-0639-7 | ||
| 040 | _cAR-BaBNM | ||
| 100 | 1 | _aMoses, Brian | |
| 245 | 1 | 0 | _aTengo miedo |
| 250 | _a3ยช ed. | ||
| 260 |
_aBuenos Aires _bAlbatros _c2003 |
||
| 300 |
_a32 p. _bil. |
||
| 490 | 0 |
_aMis emociones _vv. 4 |
|
| 650 | 4 | _aLITERATURA INFANTIL | |
| 650 | 4 | _aLIBROS PARA NINOS | |
| 650 | 4 | _aSENTIMIENTOS | |
| 653 | _aEDUCACION EN VALORES | ||
| 655 | _aLITERATURA | ||
| 700 | 1 |
_aGordon, Mike _eilustrador |
|
| 942 | _cBK | ||
| 998 | _cmartin | ||
| 999 |
_c19277 _d19277 |
||